| 000 | 00645nam a22001817a 4500 | ||
|---|---|---|---|
| 999 |
_c183569 _d183569 |
||
| 005 | 20211228162132.0 | ||
| 010 | _aENG-130730 | ||
| 020 |
_a9789387894921 _c599.00 |
||
| 035 | _aEN-114262 | ||
| 037 | _bDBAD | ||
| 082 | _a320.55 | ||
| 100 | _aMukhopadhyay, Nilanjan | ||
| 245 |
_aThe RSS: _bIcons Of The Indian Right/ _cNilanjan Mukhopadhyay |
||
| 260 |
_aChennai _bWestland Publication Private Limited _c2019 |
||
| 270 |
_a1st Floor, A Block, East Wing, Plot No. 40, SP Infocity, Dr MGR Saiai, Purungudi, Kandanchavadi _bChennai _e600096 |
||
| 300 |
_aix, 462p _c23cm(pbk) _bEndnotes, Index |
||
| 942 |
_2ddc _cEN _h320.55 _mMUK |
||